[Event "Medellin de La Raza U2000 op"]
[Site "Medellin"]
[Date "2023.10.15"]
[Round "7"]
[White "Barragan, Luis"]
[Black "Herrera Idarraga, Karen Alejandra"]
[Result "0-1"]
[WhiteElo "1086"]
[BlackElo "1214"]
[PlyCount "72"]
[EventDate "2023.10.12"]
[EventType "swiss"]
[EventRounds "9"]
[EventCountry "COL"]
[SourceTitle "Mega2024 Update 01"]
[Source "Chessbase"]
[SourceDate "2023.11.12"]
[SourceVersion "1"]
[SourceVersionDate "2023.11.12"]
[SourceQuality "1"]

1. e4 c5 2. Bc4 e6 3. Nc3 a6 4. a3 b5 5. Ba2 c4 6. d3 d5 7. Nf3 Bb7 8. Qe2 d4 9. Nd1 cxd3 10. cxd3 Nc6 11. 0-0 Be7 12. h3 Nf6 13. Bd2 0-0 14. Nh2 Kh8 15. f4 Nd7 16. Nf2 Rc8 17. Nf3 b4 18. axb4 Nxb4 19. Bxb4 Bxb4 20. Nxd4 e5 21. fxe5 Nxe5 22. Nc2 Bc5 23. Rad1 Ng6 24. d4 Bb6 25. d5 Qg5 26. Bb3 Nh4 27. Qg4 Qh6 28. Nd4 Ng6 29. Nf5 Qf4 30. Qxf4 Nxf4 31. Nd6 Rb8 32. Nxb7 Rxb7 33. Kh1 Re8 34. g3 Nh5 35. Kg2 Bxf2 36. Rxf2 Rxb3 0-1

[Event "Bucaramanga op"]
[Site "Bucaramanga"]
[Date "2023.09.06"]
[Round "1"]
[White "Herrera Idarraga, Karen Alejandra"]
[Black "Munoz Ospina, Paula Johanna"]
[Result "0-1"]
[WhiteElo "1214"]
[BlackElo "1554"]
[PlyCount "48"]
[EventDate "2023.09.06"]
[EventType "swiss"]
[EventRounds "9"]
[EventCountry "COL"]
[SourceTitle "EXT 2024"]
[Source "ChessBase"]
[SourceDate "2023.10.10"]
[SourceVersion "1"]
[SourceVersionDate "2023.10.10"]
[SourceQuality "1"]

1. e4 c6 2. d4 d5 3. exd5 cxd5 4. Bd3 Nf6 5. Bg5 Qb6 6. Nc3 Qxb2 7. Nge2 e6 8. 0-0 a6 9. Bxf6 gxf6 10. f4 f5 11. Re1 Qb6 12. Rb1 Qd6 13. Ng3 Be7 14. Qf3 Nc6 15. Na4 b5 16. Nb6 Nxd4 17. Qe3 Qxb6 18. Nxf5 Bc5 19. Kh1 Nxf5 20. Qe5 0-0 21. Qf6 Qd8 22. Qc3 Bd4 23. Qd2 Qf6 24. Rf1 Ng3+ 0-1